01784nas a2200241Ia 4500001001100000003001000011008004100021040002500062041001300087100002100100210002300121222002300144245008900167250001100256260007800267300001200345310001000357362003000367500049900397501011400896520049901010650003301509R050-S0522IT-CnALBA170116c99999999xx |||||||||||| ||und|| aIT-CnALBAcIT-CnALBA aITALIANO aDE GUBERNATIS A. aLA NUOVA ANTOLOGIA aLA NUOVA ANTOLOGIA 0aLA NUOVA ANTOLOGIA. MAGGIO GIUGNO 1880. SERIE II. VOLUME XXI. SCIENZE LETTERE ARTI.  a1a ed. a ROMAbTIPOGRAFIA BARBERA c1880 [1° Ed.:1880 - Ed.Ling.Originale: 1880] a800 p.  aVARIA aFascicolo: 9-12 / (1880) aBONGHI, SPARTACO. FISICA CONTRO METAFISICA, FABRI. LETTERATURA ZULU''. LIBRO DI T. MIANI SULLA RELIGIONE. IMPERIA, ROMANZO STORICO SECOLO XVI, DELLA GATTIONA PETRUCCELLI. STATO BANCHIERE IN ITALIA E CASSE DI RISPARMIO, LUZZATI L. SITUAZIONE MILITARE AUSTRIA UNGHERIA IN RAPPORTO ALL'ITALIA, ZAVATTARI G. RASSEGNA POLITICA. CONDIZIONI DEL MINISTERO IN FACCIA ALLA CAMERA. INCONVENIENTI ALTRE CRISI MINISTERIALI. INUTILITÀ NUOVE ELEZIONI. DISCUSSIONE BILANCIO GUERRA. BOLLETTINO BIBLIOGRAFICO.  aSocietà San Paolo EM - Piazza San Paolo, 14 - 12051 ALBA (CN) (non commercial uses only) ® Copyright 2017 aBONGHI, SPARTACO. FISICA CONTRO METAFISICA, FABRI. LETTERATURA ZULU''. LIBRO DI T. MIANI SULLA RELIGIONE. IMPERIA, ROMANZO STORICO SECOLO XVI, DELLA GATTIONA PETRUCCELLI. STATO BANCHIERE IN ITALIA E CASSE DI RISPARMIO, LUZZATI L. SITUAZIONE MILITARE AUSTRIA UNGHERIA IN RAPPORTO ALL'ITALIA, ZAVATTARI G. RASSEGNA POLITICA. CONDIZIONI DEL MINISTERO IN FACCIA ALLA CAMERA. INCONVENIENTI ALTRE CRISI MINISTERIALI. INUTILITÀ NUOVE ELEZIONI. DISCUSSIONE BILANCIO GUERRA. BOLLETTINO BIBLIOGRAFICO.  aLETTERATURA - SCIENZA - ARTE